000 00310nam a22001337a 4500
008 170725b xxu||||| |||| 00| 0 eng d
020 _a9789539605610
041 _aserb
080 _a004
100 _a29
101 _aSHK
245 _aDOS ANALIZA RADA I NAPREDNO PROGRAMIRANJE
_cKERMEK,D
942 _2udc
_cBK
999 _c21852
_d21852